000 02470mam a22003254a 4500
001 3437293
003 ASAB
005 20180827062623.0
008 020628s2003 njua b 001 0 eng
010 _a 2002027288
015 _aGBA2-T6419
020 _a81-7663-002-0
040 _aDLC
_cASAB
_dYDX
_dUKM
_dOrLoB-B
042 _apcc
050 0 0 _aRC268.4
_b.C349 2003
082 0 0 _a576
_221
100 _aGanesh Prasad
_91637
210 _2cytogen
245 0 0 _aCytogenetics :
_cby Ganesh Prasad
300 _axi, 556 p. :
_bill. (some col.) ;
_c24 cm.
490 1 _aMethods in molecular biology ;
_v220
504 _aIncludes bibliographical references and index.
505 0 0 _g1.
_tIntroduction /
_rJohn Swansbury --
_g2.
_tCytogenetic Studies in Hematologic Malignancies: An Overview /
_rJohn Swansbury --
_g3.
_tThe Myeloid Disorders: Background /
_rJohn Swansbury --
_g4.
_tCytogenetic Techniques for Myeloid Disorders /
_rJohn Swansbury --
_g5.
_tAcute Lymphoblastic Leukemia: Background /
_rJohn Swansbury --
_g6.
_tConventional Cytogenetic Techniques in the Diagnosis of Childhood Acute Lymphoblastic Leukemia /
_rSusana C. Raimondi and Susan Mathew --
_g7.
_tChromosome Preparations from Bone Marrow in Acute Lymphoblastic Leukemia: Cytogenetic Techniques /
_rAnn Watmore --
_g8.
_tLymphoid Disorders Other than Common Acute Lymphoblastic Leukemia: Background /
_rJohn Swansbury --
_g9.
_tOther Lymphoid Malignancies: Cytogenetic Techniques /
_rJohn Swansbury --
_g10.
_tCytogenetic and Genetic Studies in Solid Tumors: Background /
_rJohn Swansbury --
_g11.
_tHuman Solid Tumors: Cytogenetic Techniques /
_rPietro Polito, Paola Dal Cin, Maria Debiec-Rychter and Anne Hagemeijer --
505 8 0 _g12.
_tAnalysis and Interpretations of Cytogenetic Findings in Malignancies /
_rJohn Swansbury --
_g13.
_tCytogenetic Studies Using FISH: Background /
_rToon Min and John Swansbury --
_g14.
_tFISH Techniqes /
_rToon Min --
_g15.
_tFISH, CGH, and SKY in the Diagnosis of Childhood Acute Lymphoblastic Leukemia /
_rSusan Mathew and Susana C. Raimondi --
_g16.
_tSolving Problems in Multiplex FISH /
_rJon C. Strefford --
_g17.
_tSome Difficult Choices in Cytogenetics /
_rJohn Swansbury --
_g18.
_tIntroduction to the Analysis of the Human G-Banded Karyotype /
_rJohn Swansbury.
650 0 _aCancer
_xGenetic aspects
_vLaboratory manuals.
_91638
700 1 _aSwansbury, John.
_91639
830 0 _aMethods in molecular biology ;
_vv. 220.
_91640
900 _bTOC
942 _2ddc
_cBK
999 _c480039
_d480039